Environmental indicators : (Registro nro. 830)

Detalles MARC
000 -CABECERA
Campo de control 01069nam a2200277 a 4500
005 - FECHA Y HORA DE LA ULTIMA TRANSACCION
Campo de control 20200104041515.0
008 - ELEMENTOS DE LONGITUD FIJA—INFORMACION GENERAL
Campo de control 950412s1995 dcu bs 000 0 eng d
020 ## - ISBN
ISBN 1569730261
040 ## - FUENTE DE CATALOGACIÓN
Agencia catalogadora original DOPI
Agencia transcriptora DOPI
Agencia Modificadora DLC
-- CO-BoIAVH
041 0# - IDIOMA
Código de idioma para texto/pista de sonido o título separado Inglés
044 ## - PAÍS DE PUBLICACIÓN
País de publicación Estados Unidos
082 04 - NUMERO DE CLASIFICACION DECIMAL DEWEY
Número de clasificación 333.7
Número del ítem H22e
100 1# - ASIENTO PRINCIPAL--NOMBRE PERSONAL
Nombre personal Hammond, Allen
Término relacionado autor
9 (RLIN) 62739
245 10 - MENCION DE TITULO
Título Environmental indicators :
Parte restante del título a systematic approach to measuring and reporting on environmental policy performance in the context of sustainable development /
Mención de responsabilidad Allen Hammond [y otros 4]
260 ## - PUBLICACION, DISTRIBUCION, ETC. (PIE DE IMPRENTA)
Lugar de publicación, distribución, etc. Washington, D.C. (EE.UU.) :
Nombre del editor, distribuidor, etc. World Resources Institute,
Fecha de publicación, distribución, etc. 1995.
300 ## - DESCRIPCION FISICA
Extensión viii, 43 páginas :
Otros detalles físicos ilustraciones ;
Dimensiones 28 x 22 cm.
500 ## - NOTA GENERAL
Nota general "Mayo de 1995."
504 ## - NOTA DE BIBLIOGRAFIA, ETC.
Nota de bibliografía Incluye referencias bibliográficas.
650 26 - ASIENTO SECUNDARIO DE MATERIA - TERMINO TEMATICO
Término temático o nombre geográfico como elemento de entrada Medio ambiente
Subdivisión general Indicadores
9 (RLIN) 86344
650 26 - ASIENTO SECUNDARIO DE MATERIA - TERMINO TEMATICO
Término temático o nombre geográfico como elemento de entrada Desarrollo sostenible
9 (RLIN) 278
650 26 - ASIENTO SECUNDARIO DE MATERIA - TERMINO TEMATICO
Término temático o nombre geográfico como elemento de entrada Política ambiental
9 (RLIN) 86346
650 26 - ASIENTO SECUNDARIO DE MATERIA - TERMINO TEMATICO
Término temático o nombre geográfico como elemento de entrada Polución
Subdivisión general Indicadores
9 (RLIN) 86347
650 26 - ASIENTO SECUNDARIO DE MATERIA - TERMINO TEMATICO
Término temático o nombre geográfico como elemento de entrada Biodiversidad
Subdivisión general Indicadores de desarrollo
9 (RLIN) 86348
710 2# - ASIENTO SECUNDARIO - NOMBRE CORPORATIVO
Nombre corporativo o de jurisdicción como elemento de entrada World Resources Institute
9 (RLIN) 3765
942 ## - ELEMENTOS ADICIONALES (KOHA)
Sistema de clasificación Dewey Decimal Classification
Tipo de ítem Libro
Existencias
Withdrawn status Lost status Sistema de Clasificación Damaged status No para préstamo Colección Inventariado Ubicación Permanente Ubicación actual Fecha de adquisición Fuente de Valor Valor Total Checkouts Número topográfico Inventario / Código de Barras Date last seen Ejemplar Price effective from Forma de adquisición Tipo de material
    Dewey Decimal Classification     General Inventariado 2017 Sala Fabio Quevedo Sala Fabio Quevedo 11/10/1998 Instituto 39000.00   LB-333.7 H22e 001169 04/12/2012 Ej. 1 04/12/2012 Donación Libro